<?xml version="1.0" encoding="UTF-8"?>
<collection xmlns="http://www.loc.gov/MARC21/slim">
  <record>
    <leader>00000nam  2200000   4500</leader>
    <controlfield tag="001">INLIS000000000020242</controlfield>
    <controlfield tag="005">20250528102314</controlfield>
    <datafield tag="035" ind1="#" ind2="#">
      <subfield code="a">0010-0525000325</subfield>
    </datafield>
    <controlfield tag="007">ta</controlfield>
    <controlfield tag="008">250528################|##########|#|##</controlfield>
    <datafield tag="084" ind1="#" ind2="#">
      <subfield code="a">R 0133 PKN II 2024</subfield>
    </datafield>
    <datafield tag="100" ind1=" " ind2="#">
      <subfield code="a">Albertus Hendri Setyawan</subfield>
    </datafield>
    <datafield tag="245" ind1="1" ind2="#">
      <subfield code="a">Akselerasi Pencegahan Pernikahan Dini Melalui Dinergitas Pentahelix Untuk Rujukan Kampanye, KOnseling, Dan Edukasi /</subfield>
      <subfield code="c">Albertus Hendri Setyawan</subfield>
    </datafield>
    <datafield tag="250" ind1="#" ind2="#">
      <subfield code="a">1</subfield>
    </datafield>
    <datafield tag="260" ind1="#" ind2="#">
      <subfield code="a">Jakarta :</subfield>
      <subfield code="b">Pusbangkom Pimnas,</subfield>
      <subfield code="c">2024</subfield>
    </datafield>
    <datafield tag="300" ind1="#" ind2="#">
      <subfield code="a">220 :</subfield>
      <subfield code="b">ilus ;</subfield>
      <subfield code="c">29 x 21 x 2</subfield>
    </datafield>
    <datafield tag="650" ind1="#" ind2="4">
      <subfield code="a">Manajemen</subfield>
    </datafield>
    <datafield tag="520" ind1="#" ind2="#">
      <subfield code="a">Proyek perubahan yang digagas untuk menyelesaikan&#13;
permasalahan perempuan rentan mengalami pernikahan dini adalah&#13;
“Akselerasi Pencegahan Pernikahan Dini Melalui Sinergitas Pentahelix&#13;
untuk Rujukan, Kampanye, Konseling, dan Edukasi (Gitar Melodi)”.&#13;
Proyek perubahan ini bertujuan mewujudkan pencegahan dan&#13;
penurunan pernikahan dini melalui transformasi peran perempuan&#13;
dalam parenting dan kewirausahaan serta kolaborasi pentahelix yang&#13;
terdiri atas pemerintah, komunitas/masyarakat, perguruan tinggi, dunia&#13;
usaha/swasta, dan media massa dalam pelayanan rujukan,&#13;
kampanye, konseling, dan edukasi. Proyek perubahan ini akan&#13;
memberikan manfaat yang luas yaitu pada skala global, nasional,&#13;
regional, hingga daerah kabupaten/kota.&#13;
Capaian proyek perubahan dalam jangka pendek adalah&#13;
terbentuknya tim efektif, terbangunnya kesepahaman dari stakeholder&#13;
terkait, tersedianya data lokus dan keluarga rentan pernikahan dini,&#13;
tersusunnya buku saku pencegahan pernikahan dini, terbitnya Surat&#13;
Edaran Bupati Kendal tentang Akselerasi Pencegahan Pernikahan&#13;
Dini Melalui Sinergitas Pentahelix, terbentuknya Tim Sinergitas&#13;
Pentahelix untuk Rujukan, Kampanye, Konseling, dan Edukasi (Gitar&#13;
Melodi) Pencegahan Pernikahan Dini dengan Keputusan Bupati&#13;
Kendal dan tercapainya komitmen bersama dalam pencegahan&#13;
pernikahan dini dengan para stakeholder pentahelix, terwujudnya&#13;
peningkatan kapasitas parenting bagi Tim Gitar Melodi, terlaksananya&#13;
kampanye parenting dan pencegahan pernikahan dini bagi&#13;
perempuan dari keluarga rentan, terlaksananya publikasi Komunikasi,&#13;
Informasi, dan Edukasi (KIE) pencegahan pernikahan dini melalui&#13;
berbagai media, terlaksananya pelatihan kewirausahaan bagi&#13;
perempuan rentan, dan tersedianya layanan rujukan, konseling, dan&#13;
edukasi pencegahan pernikahan dini melalui Graha Gitar Melodi.&#13;
Kata kunci : pernikahan dini, gender, ceria, Gitar Melodi, pentahelix</subfield>
    </datafield>
    <datafield tag="856" ind1="#" ind2="#">
      <subfield code="a">Perpustakaan Pusat LAN</subfield>
    </datafield>
    <datafield tag="990" ind1="#" ind2="#">
      <subfield code="a">2024/1.2,2/A/0133</subfield>
    </datafield>
  </record>
</collection>
